[Event "BRA-ch U18"]
[Site "Juiz de Fora"]
[Date "2019.04.20"]
[Round "5"]
[White "Ferraz, Michel Liah"]
[Black "Sousa, Lael Alexandre"]
[Result "1-0"]
[WhiteElo "1582"]
[BlackElo "1653"]
[PlyCount "58"]
[EventDate "2019.04.18"]
[EventType "swiss"]
[EventRounds "6"]
[EventCountry "BRA"]
[SourceTitle "CBM 190 Extra"]
[Source "ChessBase"]
[SourceDate "2019.07.15"]
[SourceVersion "1"]
[SourceVersionDate "2019.07.15"]
[SourceQuality "1"]

1. d4 d5 2. c4 c6 3. cxd5 cxd5 4. Nc3 Nf6 5. Nf3 Nc6 6. Bg5 e6 7. e3 Be7 8. a3 a6 9. Bd3 0-0 10. 0-0 Bd7 11. Rc1 h6 12. Bh4 g5 13. Bg3 Nh5 14. Ne5 Nxg3 15. hxg3 Nxe5 16. dxe5 Kg7 17. f4 f6 18. Bb1 Be8 19. f5 Qb6 20. exf6+ Bxf6 21. Qd2 Rd8 22. fxe6 Qxe6 23. Qd3 Rh8 24. Rce1 Be5 25. Ba2 Bxg3 26. Re2 Bg6 27. Qd4+ Be5 28. Qd2 Qg4 29. Rf3 Qd7 1-0

[Event "BRA-ch U18"]
[Site "Juiz de Fora"]
[Date "2019.04.20"]
[Round "4"]
[White "Sousa, Lael Alexandre"]
[Black "De Paula, Luan Araujo"]
[Result "0-1"]
[WhiteElo "1653"]
[BlackElo "1863"]
[PlyCount "64"]
[EventDate "2019.04.18"]
[EventType "swiss"]
[EventRounds "6"]
[EventCountry "BRA"]
[SourceTitle "CBM 190 Extra"]
[Source "ChessBase"]
[SourceDate "2019.07.15"]
[SourceVersion "1"]
[SourceVersionDate "2019.07.15"]
[SourceQuality "1"]

1. e4 c5 2. Nf3 a6 3. g3 d6 4. Bg2 Nf6 5. d3 g6 6. Nc3 Bg7 7. a4 Nc6 8. 0-0 0-0 9. h3 Nd4 10. Nh4 h6 11. Ne2 Nxe2+ 12. Qxe2 e5 13. Be3 Be6 14. Qd2 g5 15. Nf3 Qd7 16. h4 g4 17. Ne1 Kh7 18. a5 Nh5 19. c4 f5 20. exf5 Bxf5 21. Nc2 Rae8 22. Rfd1 Re7 23. Ra2 Rc8 24. Qe2 Nf4 25. gxf4 exf4 26. Qf1 fxe3 27. fxe3 Rf8 28. Qe1 Ref7 29. h5 Qe7 30. e4 Be6 31. Qe3 Qh4 32. b3 g3 0-1

[Event "Manaus Ajax op"]
[Site "Manaus"]
[Date "2019.03.17"]
[Round "6"]
[White "Peixoto, Rudson Marinho"]
[Black "Sousa, Lael Alexandre"]
[Result "1/2-1/2"]
[WhiteElo "1916"]
[BlackElo "1635"]
[PlyCount "79"]
[EventDate "2019.03.16"]
[EventType "swiss"]
[EventRounds "6"]
[EventCountry "BRA"]
[SourceTitle "CBM 189 Extra"]
[Source "ChessBase"]
[SourceDate "2019.05.31"]
[SourceVersion "1"]
[SourceVersionDate "2019.05.31"]
[SourceQuality "1"]

1. Nf3 g6 2. g3 Bg7 3. Bg2 Nf6 4. 0-0 0-0 5. d4 d6 6. c4 Nbd7 7. Nc3 e5 8. e4 h6 9. dxe5 dxe5 10. Qc2 c6 11. b3 Qc7 12. Bb2 Re8 13. Rad1 g5 14. Rd2 Nf8 15. Rfd1 Ng6 16. c5 Be6 17. Rd3 g4 18. Ne1 Rad8 19. Qd2 Rxd3 20. Qxd3 Re7 21. Qd8+ Qxd8 22. Rxd8+ Kh7 23. Bf1 Rd7 24. Rxd7 Nxd7 25. Nd3 h5 26. h3 h4 27. Kh2 Bf8 28. b4 Be7 29. hxg4 Bxg4 30. f4 f5 31. exf5 Bxf5 32. Nxe5 Ndxe5 33. fxe5 Nxe5 34. gxh4 Bxh4 35. b5 Be7 36. bxc6 bxc6 37. Bg2 Bxc5 38. Ne4 Bxe4 39. Bxe4+ Kg8 40. Kg3 1/2-1/2

[Event "Amazonas-ch"]
[Site "Manaus"]
[Date "2018.12.??"]
[Round "7"]
[White "Presa, Luis Alberto Passos"]
[Black "Sousa, Lael Alexandre"]
[Result "0-1"]
[WhiteElo "1762"]
[BlackElo "1635"]
[PlyCount "138"]
[EventDate "2018.12.01"]
[EventType "match"]
[EventRounds "9"]
[EventCountry "BRA"]
[SourceTitle "EXT 2022"]
[Source "ChessBase"]
[SourceDate "2021.10.06"]
[SourceVersion "1"]
[SourceVersionDate "2021.10.06"]
[SourceQuality "1"]

1. d4 d5 2. Nf3 e6 3. e3 Nf6 4. Nbd2 Bd6 5. Bd3 Nbd7 6. 0-0 b6 7. c4 Bb7 8. Re1 0-0 9. e4 dxe4 10. Nxe4 Nxe4 11. Bxe4 Bxe4 12. Rxe4 Nf6 13. Re2 c6 14. Bg5 h6 15. Bh4 Be7 16. Qc2 Nd7 17. Bxe7 Qxe7 18. d5 cxd5 19. cxd5 e5 20. Rc1 f6 21. Qf5 Rfc8 22. Rec2 Rc5 23. Rxc5 Nxc5 24. b4 Nb7 25. h3 Nd6 26. Qg4 b5 27. Rc6 Nc4 28. Re6 Qd7 29. Qg6 Qf7 30. Qf5 Rd8 31. Rc6 Qxd5 32. Rc7 Qd1+ 33. Kh2 Qd6 34. Rxa7 e4+ 35. g3 exf3 36. Qxf3 Qxb4 37. Qb7 Qf8 38. Qxb5 Nd6 39. Qd5+ Kh8 40. a4 Nc8 41. Rd7 Rxd7 42. Qxd7 Nb6 43. Qc6 Qb4 44. h4 Nxa4 45. Qe8+ Kh7 46. h5 Nb6 47. Qg6+ Kg8 48. Qe8+ Qf8 49. Qe6+ Qf7 50. Qxb6 Qxh5+ 51. Kg2 Qd5+ 52. Kg1 h5 53. Qe3 Qe5 54. Qb3+ Kh7 55. Qf3 Kh6 56. Qd3 Qg5 57. Qe4 h4 58. Kg2 f5 59. Qe6+ Qg6 60. Qxg6+ Kxg6 61. gxh4 Kf6 62. f4 Ke6 63. Kf3 Kd6 64. Ke3 Kd5 65. h5 Kc4 66. Kf2 Kd4 67. Kf3 Kd3 68. Kf2 Ke4 69. Kg3 Ke3 0-1

[Event "Manaus Amazonas-ch sf"]
[Site "Manaus"]
[Date "2018.09.05"]
[Round "2"]
[White "Da Vasconcelos, Ivan Azevedo"]
[Black "Sousa, Lael Alexandre"]
[Result "0-1"]
[WhiteElo "1704"]
[BlackElo "1880"]
[PlyCount "48"]
[EventDate "2018.09.05"]
[EventType "swiss"]
[EventRounds "6"]
[EventCountry "BRA"]
[SourceTitle "CBM 187 Extra"]
[Source "ChessBase"]
[SourceDate "2018.11.04"]
[SourceVersion "1"]
[SourceVersionDate "2018.11.04"]
[SourceQuality "1"]

1. e4 d5 2. exd5 Nf6 3. Nc3 Nxd5 4. Nxd5 Qxd5 5. Nf3 Bg4 6. Be2 c5 7. c4 Qd6 8. Qb3 Qc7 9. 0-0 Nc6 10. h3 Bh5 11. Qb5 0-0-0 12. Qxc5 e5 13. Qe3 Bg6 14. Nh4 Nd4 15. Bd3 Bc5 16. Qg3 Rhf8 17. Nxg6 hxg6 18. Qg4+ Kb8 19. a3 Nb3 20. Rb1 Rxd3 21. Qe4 Rfd8 22. Re1 f6 23. Re3 Bxe3 24. fxe3 f5 0-1

[Event "BRA-ch U16"]
[Site "Itajai"]
[Date "2017.06.04"]
[Round "6"]
[White "Ramazzotte, Daniel Alexandre"]
[Black "Sousa, Lael Alexandre"]
[Result "0-1"]
[WhiteElo "1800"]
[BlackElo "1630"]
[PlyCount "44"]
[EventDate "2017.06.01"]
[EventType "swiss"]
[EventRounds "6"]
[EventCountry "BRA"]
[SourceTitle "CBM 179 Extra"]
[Source "ChessBase"]
[SourceDate "2017.08.23"]
[SourceVersion "1"]
[SourceVersionDate "2017.08.23"]
[SourceQuality "1"]

1. e4 c5 2. Nf3 d6 3. d4 cxd4 4. Nxd4 Nf6 5. Nc3 a6 6. Be3 e5 7. Nb3 Be7 8. Be2 0-0 9. Qd2 b5 10. f3 Qc7 11. 0-0-0 Be6 12. Kb1 Rd8 13. g4 d5 14. exd5 Nxd5 15. Nxd5 Bxd5 16. Qc1 Nc6 17. h4 Rac8 18. h5 Nb4 19. c3 Nxa2 20. Kxa2 Qa5+ 21. Kb1 Bxb3 22. Rxd8+ Rxd8 0-1

[Event "BRA-ch U16"]
[Site "Itajai"]
[Date "2017.06.03"]
[Round "4"]
[White "Teshima, Ricardo Yoshida"]
[Black "Sousa, Lael Alexandre"]
[Result "1/2-1/2"]
[WhiteElo "1878"]
[BlackElo "1630"]
[PlyCount "95"]
[EventDate "2017.06.01"]
[EventType "swiss"]
[EventRounds "6"]
[EventCountry "BRA"]
[SourceTitle "CBM 179 Extra"]
[Source "ChessBase"]
[SourceDate "2017.08.23"]
[SourceVersion "1"]
[SourceVersionDate "2017.08.23"]
[SourceQuality "1"]

1. Nf3 Nf6 2. b3 g6 3. Bb2 Bg7 4. g3 0-0 5. Bg2 Nc6 6. c4 d6 7. 0-0 e5 8. d4 Nd7 9. d5 Ne7 10. e4 f5 11. Nc3 Nf6 12. Nd2 Nh5 13. exf5 Bxf5 14. g4 Bd3 15. gxh5 Bxf1 16. Nxf1 gxh5 17. Ne4 Ng6 18. Bc1 Nf4 19. Bxf4 exf4 20. Rc1 h4 21. Qg4 Qe7 22. Ng5 Kh8 23. Kh1 Bh6 24. Nf3 Rg8 25. Qh3 Qe2 26. Kg1 Rg7 27. Re1 Qd3 28. Re6 Rag8 29. Rxh6 Rxg2+ 30. Qxg2 Qxf3 31. Ng3 Qxg2+ 32. Kxg2 fxg3 33. fxg3 hxg3 34. hxg3 Rg6 35. Rxg6 hxg6 36. Kf3 Kg7 37. Kf4 Kf6 38. g4 g5+ 39. Ke4 a5 40. a3 b6 41. b4 axb4 42. axb4 Kg6 43. Kd4 Kf6 44. c5 b5 45. cxd6 cxd6 46. Ke4 Kg6 47. Ke3 Kf6 48. Kd4 1/2-1/2

[Event "Manaus Amazonas-ch"]
[Site "Manaus"]
[Date "2017.04.14"]
[Round "3"]
[White "De Souza Monteiro, Marcos Paulo"]
[Black "Sousa, Lael Alexandre"]
[Result "1-0"]
[WhiteElo "1977"]
[BlackElo "1648"]
[PlyCount "61"]
[EventDate "2017.04.13"]
[EventType "swiss"]
[EventRounds "7"]
[EventCountry "BRA"]
[SourceTitle "CBM 177 Extra"]
[Source "ChessBase"]
[SourceDate "2017.04.27"]
[SourceVersion "1"]
[SourceVersionDate "2017.04.27"]
[SourceQuality "1"]

1. d4 Nf6 2. c4 e6 3. Nf3 d5 4. Nc3 Be7 5. cxd5 exd5 6. Qc2 0-0 7. Bg5 c6 8. e3 Ne4 9. Bxe7 Qxe7 10. Nxe4 dxe4 11. Nd2 f5 12. Bc4+ Kh8 13. 0-0-0 Nd7 14. Rde1 Nf6 15. f3 exf3 16. gxf3 Re8 17. e4 fxe4 18. fxe4 Bf5 19. Bd3 Rad8 20. Rhf1 Bg6 21. e5 Bxd3 22. Qxd3 Nd5 23. Nf3 Nf4 24. Qe4 Ne6 25. h4 h6 26. Rg1 Qb4 27. Qg6 Qf8 28. Ng5 Nxg5 29. hxg5 Qg8 30. gxh6 gxh6 31. Qf6+ 1-0

[Event "Manaus FAX GM do Spassky 1st"]
[Site "Manaus"]
[Date "2016.04.10"]
[Round "6.3"]
[White "Sousa, Lael Alexandre"]
[Black "Gutierrez, Enrique Alberto Sot"]
[Result "0-1"]
[WhiteElo "1646"]
[BlackElo "1873"]
[PlyCount "50"]
[EventDate "2016.03.26"]
[EventType "swiss"]
[EventRounds "6"]
[EventCountry "BRA"]
[SourceTitle "EXT 2022"]
[Source "ChessBase"]
[SourceDate "2021.10.06"]
[SourceVersion "1"]
[SourceVersionDate "2021.10.06"]
[SourceQuality "1"]

1. e4 c5 2. Nf3 Nc6 3. d4 cxd4 4. Nxd4 e5 5. Nb5 d6 6. Be3 Be6 7. N5c3 Nge7 8. Bb5 d5 9. exd5 Nxd5 10. Bxc6+ bxc6 11. Qe2 Nxe3 12. Qxe3 Qb6 13. Qxb6 axb6 14. a3 Bf5 15. Kd1 Bc5 16. Rf1 Ke7 17. Nd2 Rhd8 18. Kc1 b5 19. b4 Bxb4 20. Kb2 Rxd2 21. axb4 Rxc2+ 22. Kb3 Rxa1 23. Rxa1 Rxf2 24. Rc1 Be6+ 25. Ka3 Rxg2 0-1

[Event "Manaus FAX GM do Spassky 1st"]
[Site "Manaus"]
[Date "2016.04.09"]
[Round "5.3"]
[White "Rodrigues Franca, Carlos Alberto"]
[Black "Sousa, Lael Alexandre"]
[Result "0-1"]
[WhiteElo "1575"]
[BlackElo "1646"]
[PlyCount "88"]
[EventDate "2016.03.26"]
[EventType "swiss"]
[EventRounds "6"]
[EventCountry "BRA"]
[SourceTitle "EXT 2022"]
[Source "ChessBase"]
[SourceDate "2021.10.06"]
[SourceVersion "1"]
[SourceVersionDate "2021.10.06"]
[SourceQuality "1"]

1. d4 Nf6 2. c4 e5 3. dxe5 Ng4 4. Nf3 Nc6 5. e3 Ngxe5 6. Nxe5 Nxe5 7. Be2 Bc5 8. a3 0-0 9. Qd5 d6 10. b4 c6 11. Qe4 Bb6 12. Bb2 Bc7 13. Nd2 Re8 14. Qd4 f6 15. 0-0-0 Qe7 16. Ne4 Rd8 17. h3 Bf5 18. Bf3 Bb6 19. Qc3 Nxf3 20. gxf3 Bxe4 21. fxe4 Qxe4 22. Rhg1 Qe5 23. Qd3 Qe6 24. Rg3 Bc7 25. Rdg1 Rd7 26. Rg4 Kh8 27. Rh4 h6 28. Rhg4 d5 29. c5 Be5 30. Bd4 f5 31. Rh4 Qf6 32. Rf4 Rf7 33. Bxe5 Qxe5 34. Qd4 Qxd4 35. Rxd4 Re8 36. Rg6 Kh7 37. Rd6 Rfe7 38. Kd2 Re6 39. Rxe6 Rxe6 40. Ke2 Re4 41. a4 Kg6 42. Kf3 Kh5 43. Rxe4 fxe4+ 44. Kg3 g5 0-1

[Event "Manaus Region-ch sf"]
[Site "Manaus"]
[Date "2015.10.31"]
[Round "3"]
[White "Bezerra, Fabiano de Oliveira"]
[Black "Sousa, Lael Alexandre"]
[Result "1/2-1/2"]
[WhiteElo "1906"]
[BlackElo "1664"]
[PlyCount "175"]
[EventDate "2015.10.30"]
[EventType "swiss"]
[EventRounds "7"]
[EventCountry "BRA"]
[SourceTitle "CBM 169 Extra"]
[Source "ChessBase"]
[SourceDate "2015.12.18"]
[SourceVersion "1"]
[SourceVersionDate "2015.12.18"]
[SourceQuality "1"]

1. Nf3 d5 2. b3 Nf6 3. Bb2 Nc6 4. e3 Bg4 5. Be2 e6 6. h3 Bh5 7. d3 Be7 8. Nbd2 0-0 9. 0-0 Nd7 10. Rc1 Bf6 11. d4 Bg6 12. a3 Ne7 13. c4 c6 14. Ne5 Bxe5 15. dxe5 Nc5 16. Nf3 Ne4 17. Nh4 f6 18. Nxg6 Nxg6 19. exf6 Nxf6 20. Qc2 Qe7 21. Bd3 Qf7 22. Rcd1 Rfd8 23. Bxg6 Qxg6 24. Qxg6 hxg6 25. c5 Ne4 26. b4 a5 27. f3 Ng3 28. Rf2 axb4 29. axb4 Nf5 30. Re1 Ne7 31. Rd1 Nf5 32. Re1 Ne7 33. Rd2 Ra2 34. Red1 Nc8 35. Be5 Ra4 36. Bc7 Rd7 37. Ba5 Na7 38. e4 Kf7 39. exd5 exd5 40. Rd4 Nc8 41. Re1 Re7 42. Rxe7+ Kxe7 43. Kf2 Ke6 44. g4 Ke5 45. Rd2 Ke6 46. h4 Ra1 47. Kg3 Re1 48. Kf4 Re5 49. Bc7 Re1 50. Kg5 Kf7 51. Rd4 Re6 52. Rd3 Ne7 53. Ra3 Nc8 54. Ra8 Re8 55. Rb8 d4 56. Rxb7 Re7 57. b5 d3 58. bxc6 d2 59. Rb1 Rxc7 60. Rd1 Rxc6 61. Rxd2 Rxc5+ 62. Kf4 Ne7 63. Rd7 Ke6 64. Ra7 Rd5 65. Ra6+ Kf7 66. Ra7 Rd6 67. Ke5 Rf6 68. Ke4 Re6+ 69. Kf4 Kg8 70. Ra8+ Kh7 71. Ra5 Rf6+ 72. Ke4 Nc8 73. f4 Nd6+ 74. Kf3 Nc4 75. Rc5 Nd2+ 76. Ke3 Rd6 77. h5 gxh5 78. Rxh5+ Kg8 79. Rc5 Nb3 80. Rc7 Na5 81. g5 Nc6 82. f5 Nd8 83. g6 Kf8 84. Ke4 Nc6 85. Rf7+ Kg8 86. Rc7 Kf8 87. Rf7+ Kg8 88. Rc7 1/2-1/2

[Event "Manaus Region-ch sf"]
[Site "Manaus"]
[Date "2015.10.30"]
[Round "2"]
[White "Sousa, Lael Alexandre"]
[Black "Da Fonseca, Jamilly Ferreira"]
[Result "1-0"]
[WhiteElo "1664"]
[BlackElo "1672"]
[PlyCount "99"]
[EventDate "2015.10.30"]
[EventType "swiss"]
[EventRounds "7"]
[EventCountry "BRA"]
[SourceTitle "CBM 169 Extra"]
[Source "ChessBase"]
[SourceDate "2015.12.18"]
[SourceVersion "1"]
[SourceVersionDate "2015.12.18"]
[SourceQuality "1"]

1. d4 c6 2. c4 d5 3. Nc3 Nf6 4. Bf4 Nbd7 5. Nf3 g6 6. Qb3 dxc4 7. Qxc4 Nb6 8. Qb3 Be6 9. Qc2 Bg7 10. e4 0-0 11. Bd3 Nh5 12. Be3 Nd7 13. e5 b6 14. h3 c5 15. d5 Bxd5 16. Nxd5 Nxe5 17. Be4 Rc8 18. Rd1 Qd6 19. Nf4 Qc7 20. Nxh5 Rcd8 21. Nxg7 Rxd1+ 22. Qxd1 Rd8 23. Qc2 c4 24. 0-0 Kxg7 25. Bf4 Nxf3+ 26. Bxf3 Qxf4 27. Rd1 Rxd1+ 28. Qxd1 b5 29. g3 Qf6 30. Qe2 a6 31. Bb7 c3 32. bxc3 Qxc3 33. Bxa6 b4 34. Bc4 e6 35. Bb3 Qc1+ 36. Kg2 Qc6+ 37. Kh2 Qd6 38. Qg4 Qe5 39. h4 Qb2 40. Kg2 h6 41. Qxb4 Qe2 42. Qb7 Kf6 43. Qf3+ Qxf3+ 44. Kxf3 g5 45. hxg5+ hxg5 46. Ke4 Kg6 47. f4 f5+ 48. Ke5 gxf4 49. gxf4 Kf7 50. a4 1-0

[Event "Manaus Amazonas-ch"]
[Site "Manaus"]
[Date "2015.09.26"]
[Round "6"]
[White "Bezerra, Fabiano de Oliveira"]
[Black "Sousa, Lael Alexandre"]
[Result "1-0"]
[WhiteElo "1906"]
[BlackElo "1664"]
[PlyCount "105"]
[EventDate "2015.09.12"]
[EventType "swiss"]
[EventRounds "7"]
[EventCountry "BRA"]
[SourceTitle "EXT 2016"]
[Source "ChessBase"]
[SourceDate "2015.10.08"]
[SourceVersion "1"]
[SourceVersionDate "2015.10.08"]
[SourceQuality "1"]

1. Nf3 Nf6 2. b3 g6 3. Bb2 Bg7 4. e3 0-0 5. Be2 d6 6. 0-0 e5 7. d3 Nc6 8. Nbd2 Ne8 9. c3 f5 10. Qc2 g5 11. Ne1 Bh6 12. e4 f4 13. f3 Nf6 14. d4 g4 15. fxg4 Bxg4 16. Ndf3 Bxf3 17. Bxf3 Qc8 18. Qe2 Kh8 19. Rd1 Rg8 20. Rf2 Ng4 21. Bxg4 Qxg4 22. Qxg4 Rxg4 23. Nf3 Bg7 24. Rfd2 Rg8 25. Kf1 h5 26. Rf2 Bf6 27. a3 Na5 28. dxe5 Bxe5 29. Nxe5 dxe5 30. Rd5 Nc6 31. c4 R8g5 32. b4 a6 33. Bc3 Kh7 34. a4 Nd4 35. Bxd4 exd4 36. Rxg5 Rxg5 37. Rxf4 Kg6 38. c5 a5 39. h4 Re5 40. bxa5 Rxc5 41. Ke2 Rxa5 42. Kd3 c5 43. e5 Ra6 44. Kc4 Rc6 45. a5 Re6 46. Kd5 Re8 47. Rf3 Re7 48. e6 Kg7 49. Kd6 Re8 50. Kd7 Ra8 51. e7 c4 52. Rf4 d3 53. Rxc4 1-0

[Event "Manaus Amazonas-ch"]
[Site "Manaus"]
[Date "2015.09.20"]
[Round "5"]
[White "Sousa, Lael Alexandre"]
[Black "Rodrigues Franca, Carlos Alberto"]
[Result "1-0"]
[WhiteElo "1664"]
[BlackElo "1477"]
[PlyCount "55"]
[EventDate "2015.09.12"]
[EventType "swiss"]
[EventRounds "7"]
[EventCountry "BRA"]
[SourceTitle "EXT 2016"]
[Source "ChessBase"]
[SourceDate "2015.10.08"]
[SourceVersion "1"]
[SourceVersionDate "2015.10.08"]
[SourceQuality "1"]

1. d4 d5 2. c4 e6 3. Nf3 Nf6 4. Nc3 Be7 5. cxd5 exd5 6. g3 0-0 7. Bg2 c6 8. 0-0 h6 9. Re1 Be6 10. Ne5 Nbd7 11. e4 Nxe4 12. Nxe4 dxe4 13. Bxe4 Nxe5 14. dxe5 Qxd1 15. Rxd1 Rfd8 16. Be3 a6 17. Bb6 Rxd1+ 18. Rxd1 Kf8 19. b3 Ke8 20. f4 Bd8 21. Bc5 Bc7 22. f5 Bd7 23. e6 Bc8 24. Bf3 g6 25. fxg6 fxg6 26. Be4 Bxe6 27. Bxg6+ Bf7 28. Re1+ 1-0

[Event "Manaus Amazonas-ch"]
[Site "Manaus"]
[Date "2015.09.13"]
[Round "2"]
[White "Leite, Thales Ferreira"]
[Black "Sousa, Lael Alexandre"]
[Result "1-0"]
[WhiteElo "1550"]
[BlackElo "1664"]
[PlyCount "79"]
[EventDate "2015.09.12"]
[EventType "swiss"]
[EventRounds "7"]
[EventCountry "BRA"]
[SourceTitle "EXT 2016"]
[Source "ChessBase"]
[SourceDate "2015.10.08"]
[SourceVersion "1"]
[SourceVersionDate "2015.10.08"]
[SourceQuality "1"]

1. e4 d5 2. exd5 Nf6 3. Nc3 Nxd5 4. d4 g6 5. Nf3 Nxc3 6. bxc3 Bg7 7. h3 c5 8. Bc4 Qc7 9. Qe2 Nc6 10. Be3 0-0 11. 0-0 Rd8 12. Rad1 a6 13. Ng5 Rf8 14. Bd3 b5 15. d5 Na5 16. c4 b4 17. Ne4 Nb7 18. f4 f5 19. Ng5 h6 20. Nf3 Nd6 21. Qf2 Nb7 22. Qh4 Qd6 23. Rde1 h5 24. Ne5 Kh7 25. Rf3 Bf6 26. Qf2 Kg7 27. Rg3 Bh4 28. Rxg6+ Qxg6 29. Qxh4 Qf6 30. Qxh5 Rh8 31. Qf3 Qh4 32. Bf2 Qh6 33. Qg3+ Kf6 34. Nc6 Bd7 35. Rxe7 Rhg8 36. Qe3 Rae8 37. Qe5+ Kg6 38. Bh4 Kh5 39. Bf6 Ref8 40. g4+ 1-0

[Event "Manaus Carnaval op"]
[Site "Manaus"]
[Date "2015.02.17"]
[Round "5"]
[White "Dos Santos, Jardel Farias"]
[Black "Sousa, Lael Alexandre"]
[Result "0-1"]
[WhiteElo "1818"]
[BlackElo "1733"]
[PlyCount "58"]
[EventDate "2015.02.14"]
[EventType "swiss"]
[EventRounds "6"]
[EventCountry "BRA"]
[SourceTitle "CBM 165 Extra"]
[Source "ChessBase"]
[SourceDate "2015.04.21"]
[SourceVersion "1"]
[SourceVersionDate "2015.04.21"]
[SourceQuality "1"]

1. e4 c5 2. Nc3 d6 3. f4 Nc6 4. Nf3 a6 5. a4 Bg4 6. Bc4 Nd4 7. 0-0 e6 8. d3 h5 9. Be3 Nxf3+ 10. gxf3 Bh3 11. Rf2 Nh6 12. Qd2 Qh4 13. Re2 Be7 14. Bf2 Qf6 15. f5 g6 16. Qf4 gxf5 17. Be3 Qg6+ 18. Qg3 Rg8 19. Bxh6 Qh7 20. Qxg8+ Qxg8+ 21. Kf2 Qg2+ 22. Ke3 Qg6 23. Bf4 Bg5 24. exf5 Bxf4+ 25. Kxf4 Qxf5+ 26. Ke3 Qg5+ 27. Kf2 0-0-0 28. Rg1 Qh4+ 29. Ke3 Qd4+ 0-1

[Event "Manaus Carnaval op"]
[Site "Manaus"]
[Date "2015.02.14"]
[Round "1"]
[White "Sousa, Lael Alexandre"]
[Black "Gutierrez, Enrique Alberto Sot"]
[Result "0-1"]
[WhiteElo "1733"]
[BlackElo "1840"]
[PlyCount "50"]
[EventDate "2015.02.14"]
[EventType "swiss"]
[EventRounds "6"]
[EventCountry "BRA"]
[SourceTitle "CBM 165 Extra"]
[Source "ChessBase"]
[SourceDate "2015.04.21"]
[SourceVersion "1"]
[SourceVersionDate "2015.04.21"]
[SourceQuality "1"]

1. d4 Nf6 2. c4 e6 3. Nc3 d5 4. e3 c6 5. Nf3 Nbd7 6. Be2 Bd6 7. 0-0 0-0 8. Re1 Re8 9. Qc2 a6 10. c5 Bc7 11. b4 e5 12. Bb2 e4 13. Nd2 Nf8 14. h3 h5 15. Qd1 h4 16. Nf1 N8h7 17. Nh2 Bd7 18. Bg4 Qb8 19. Nf1 Nxg4 20. hxg4 Nf6 21. g5 Ng4 22. Ng3 Bxg3 23. fxg3 Qxg3 24. Qd2 h3 25. Kf1 Nh2+ 0-1